| 000 | 00000nam##2200000za#4500 |
| 001 | 9.571590 |
| 003 | CaOODSP |
| 005 | 20211126112844 |
| 007 | cr ||||||||||| |
| 008 | 150406|2002||||xxc|||||o f|0| 0 eng|d |
| 022 | |a1701-9397 |
| 040 | |aCaOODSP|beng |
| 043 | |an-cn--- |
| 086 | 1 |aFB3-2/102-11E-PDF |
| 110 | 2 |aBank of Canada. |
| 245 | 10|aRisk, entropy, and the transformation of distributions / |h[electronic resource]|cby R. Mark Reesor and Don L. McLeish. |
| 260 | |aOttawa - Ontario : |bBank of Canada |cApril 2002. |
| 300 | |a41p.|breferences, tables |
| 490 | 1 |aBank of Canada working paper|x1701-9397|v2002-11 |
| 500 | |a"The exponential family, relative entropy, and distortion are methods of transforming probability distributions. We establish a link between those methods, focusing on the relation between relative entropy and distortion."--Abstract. |
| 500 | |aThe ISSN (1192-5434) for the print edition has been incorrectly copied in this electronic publication. |
| 520 | 3 |aThe exponential family, relative entropy, and distortion are methods of transforming probability distributions. We establish a link between those methods, focusing on the relation between relative entropy and distortion.--Abstract |
| 546 | |aRésumé en français. |
| 590 | |a11-19-Supp|b2011-09-23 |
| 690 | 07|aDistribution|2gcpds |
| 690 | 07|aEconomic indicators|2gcpds |
| 690 | 07|aModels|2gcpds |
| 720 | 1 |aReesor, R. Mark |
| 720 | 1 |aMcLeish, Don L. |
| 776 | 0#|tRisk, entropy, and the transformation of distributions / |w(CaOODSP)9.615976 |
| 830 | #0|aWorking paper (Bank of Canada)|x1701-9397|v2002-11|w(CaOODSP)9.504604 |
| 856 | 40|ahttp://publications.gc.ca|qPDF|s321 KB|uhttps://publications.gc.ca/collections/Collection/FB3-2-102-11E.pdf|y2002-11 |